|
|
|
|
| LEADER |
01906nam a2200529 i 4500 |
| 001 |
nkc20162858726 |
| 003 |
CZ PrNK |
| 005 |
20170130101130.0 |
| 007 |
ta |
| 008 |
161129s2016 xr a f 000 0 cze |
| 015 |
|
|
|a cnb002858726
|
| 020 |
|
|
|a 978-80-7502-170-0
|q (brožováno)
|
| 035 |
|
|
|a (OCoLC)972570922
|
| 040 |
|
|
|a ABA001
|b cze
|d OLA001
|e rda
|
| 041 |
0 |
|
|a cze
|a ger
|a slo
|b cze
|b eng
|
| 043 |
|
|
|a e-xr---
|a e------
|
| 072 |
|
7 |
|a 347.9
|x Občanské soudní řízení. Soudnictví
|2 Konspekt
|9 16
|
| 080 |
|
|
|a 347.965.42
|2 MRF
|
| 080 |
|
|
|a (437.3)
|2 MRF
|
| 080 |
|
|
|a (4)
|2 MRF
|
| 080 |
|
|
|a (048.8:082)
|2 MRF
|
| 100 |
1 |
|
|a Malacka, Michal,
|d 1973-
|7 mzk2003190639
|4 aut
|
| 245 |
1 |
0 |
|a Mediace dnes - realita a perspektivy /
|c Michal Malacka a kolektiv
|
| 250 |
|
|
|a Vydání první
|
| 264 |
|
1 |
|a Praha :
|b Leges,
|c 2016
|
| 300 |
|
|
|a 399 stran :
|b ilustrace ;
|c 21 cm
|
| 336 |
|
|
|a text
|b txt
|2 rdacontent
|
| 337 |
|
|
|a bez média
|b n
|2 rdamedia
|
| 338 |
|
|
|a svazek
|b nc
|2 rdacarrier
|
| 490 |
1 |
|
|a Teoretik
|
| 504 |
|
|
|a Obsahuje bibliografii a bibliografické odkazy
|
| 546 |
|
|
|a Částečně německý a slovenský text, české a anglické resumé
|
| 650 |
0 |
7 |
|a mediace
|7 ph137291
|2 czenas
|
| 650 |
0 |
7 |
|a mediace
|7 ph137291
|z Česko
|2 czenas
|
| 650 |
0 |
7 |
|a mediace
|7 ph137291
|z země Evropské unie
|2 czenas
|
| 650 |
0 |
9 |
|a mediation
|2 eczenas
|
| 650 |
0 |
9 |
|a mediation
|z Czechia
|2 eczenas
|
| 650 |
0 |
9 |
|a mediation
|z European Union countries
|2 eczenas
|
| 655 |
|
7 |
|a kolektivní monografie
|7 fd501537
|2 czenas
|
| 655 |
|
9 |
|a collective monographs
|2 eczenas
|
| 830 |
|
0 |
|a Teoretik
|0 s
|
| 910 |
2 |
|
|a BOA001
|b 2-1378.595
|
| 990 |
|
|
|a BK
|
| 995 |
|
|
|a 01
|
| 991 |
|
|
|b 201701
|c NOV
|
| 996 |
6 |
|
|b 2610694035
|c 2-1378.595
|l MZK
|r Sklad / do 1 hodiny
|n 7
|p p.v.
|w 001594217
|u 000010
|a 1
|e BOA001
|j MZK50
|s P
|
| 996 |
7 |
|
|b 2610694782
|c 2-1378.595
|l Vol.výběr
|r VV 0p
|n 31
|p kup
|h 347.9 MAL
|w 001594217
|u 000020
|a 0
|e BOA001
|j MZK50
|s A
|